00419 2200157 4500001002100000008004100021035002000062245004800082260003000130300002000160020001800180084001600198082001000214650002600224990001100250INLIS000000000001126 ind  a0010-0722000675 aPelajar Indonesia Anti NarkobacAbdul Wahib aJakarta :bErlanggac2016 a164c14 x 21 cm a9786020935416 a371.8 ABD p a371.8 aPengajaran Pendidikan aDI.002